Personalistika - Mzda - Práca odborný časopis pre personalistiku, odmeňovanie, pracovné právo, kolektívne vyjednávanie a pre sociálnu oblasť

Na minha lista:
Detalhes bibliográficos
Formato: Periódico
Idioma:eslovaco
Publicado em: Bratislava Mediasphere 2002
Assuntos:
Tags: Adicionar Tag
Sem tags, seja o primeiro a adicionar uma tag!

MARC

LEADER 00000nas2a2200000 4500
001 0039430
005 20060310150419.3
022 |a 1335-4043 
041 0 |a slo 
044 |a SK 
245 1 0 |a Personalistika - Mzda - Práca  |b odborný časopis pre personalistiku, odmeňovanie, pracovné právo, kolektívne vyjednávanie a pre sociálnu oblasť 
264 1 |a Bratislava  |b Mediasphere  |c 2002 
773 0 |w eu_un_cat*s121985 
610 2 0 |a personalistika 
610 2 0 |a práca 
610 2 0 |a mzdy